| 000 | 00698 a2200193 4500 | ||
|---|---|---|---|
| 020 | _a0471433373 | ||
| 020 | _a9780471433378 | ||
| 082 | 0 | 4 | _a519.4 |
| 090 |
_c591 _d591 |
||
| 100 | 1 | _aAtkinson, Kendall. | |
| 245 | 1 | 0 |
_aElementary numerical analysis / _cKendall Atkinson, Weimin Han. |
| 250 | _a3rd ed. | ||
| 260 |
_a[S.l.] : _bWiley, _c2004. |
||
| 300 |
_a576 p. ; _c24 cm. |
||
| 700 | 1 | _aHan, Weimin. | |
| 942 |
_aSNS _cBK _k519.4 ATK |
||
| 999 |
_c29221 _d29221 |
||